Squadra della stagione della UEFA Europa League - 2018-2019 - Statistics

Statistiche generali
  • Questo quiz è stato fatto 2 volte
  • Il punteggio medio è 7 su 18
Statistiche sulle risposte
Ruolo Nazione Squadra Calciatore % Corretto
Attaccante Belgio Chelsea Eden Hazard
100%
Centrocampista Italia Chelsea Jorginho
100%
Attaccante Gabon Arsenal Pierre-Emerick Aubameyang
100%
Difensore Spagna Chelsea César Azpilicueta
50%
Difensore Brasile Chelsea David Luiz
50%
Centrocampista Serbia Eintracht Francoforte Filip Kostić
50%
Portiere Spagna Chelsea Kepa Arrizabalaga
50%
Portiere Germania Eintracht Francoforte Kevin Trapp
50%
Centrocampista Francia Chelsea N'Golo Kanté
50%
Attaccante Francia Chelsea Olivier Giroud
50%
Attaccante Spagna Chelsea Pedro
50%
Difensore Spagna Benfica Alejandro Grimaldo
0%
Difensore Germania Eintracht Francoforte Danny da Costa
0%
Attaccante Portogallo Benfica João Félix
0%
Difensore Francia Arsenal Laurent Koscielny
0%
Attaccante Serbia Eintracht Francoforte Luka Jović
0%
Centrocampista Giappone Eintracht Francoforte Makoto Hasebe
0%
Difensore Bosnia ed Erzegovina Arsenal Sead Kolašinac
0%
Nessun quiz corrispondente trovato
Distribuzione punteggi
Percentuale di utenti per punteggio
Percentile per numero di risposta
I tuoi punteggi nel tempo
Non hai fatto questo quiz